[Event "Bad Woerishofen op"]
[Site "?"]
[Date "2009.03.09"]
[Round "5"]
[White "Epishin, Vladimir"]
[Black "Schneider, Ilja"]
[Result "1/2-1/2"]
[WhiteElo "2587"]
[BlackElo "2496"]
[PlyCount "43"]
[EventDate "2009.03.05"]

1. Nf3 Nf6 2. c4 c6 3. d4 d5 4. Qb3 dxc4 5. Qxc4 Be6 6. Qa4 Nbd7 7. e3 Bd5 8.
Be2 c5 9. dxc5 e6 10. Nc3 Bc6 11. Bb5 Bxb5 12. Qxb5 Qc7 13. Bd2 a6 14. Qe2 Bxc5
15. Rc1 b5 16. O-O Qb7 17. a4 O-O 18. axb5 axb5 19. Qxb5 Qxb5 20. Nxb5 Rfb8 21.
Nc3 Rxb2 22. Rb1 1/2-1/2

[Event "Bad Woerishofen op"]
[Site "?"]
[Date "2009.03.09"]
[Round "5"]
[White "Anistratov, Dimitrij"]
[Black "Edouard, Romain"]
[Result "0-1"]
[WhiteElo "2384"]
[BlackElo "2562"]
[PlyCount "56"]
[EventDate "2009.03.05"]

1. d4 Nf6 2. Nf3 c5 3. g3 cxd4 4. Nxd4 d5 5. c4 e5 6. Nc2 d4 7. Bg2 Nc6 8. O-O
Be6 9. b3 Qd7 10. Bg5 O-O-O 11. e4 h6 12. Bxf6 gxf6 13. Nd2 h5 14. h4 Bg4 15.
Bf3 f5 16. Bxg4 hxg4 17. exf5 Qxf5 18. Re1 Bh6 19. Nf1 e4 20. Nh2 d3 21. Ne3
Bxe3 22. Rxe3 Ne5 23. Qf1 Nf3+ 24. Kg2 Rh6 25. Qh1 Rdh8 26. Nxf3 exf3+ 27. Kg1
d2 28. Kh2 Qf6 0-1

[Event "Bad Woerishofen op"]
[Site "?"]
[Date "2009.03.09"]
[Round "5"]
[White "Iotov, Valentin"]
[Black "Farago, Ivan"]
[Result "1/2-1/2"]
[WhiteElo "2556"]
[BlackElo "2482"]
[PlyCount "108"]
[EventDate "2009.03.05"]

1. d4 e6 2. c4 Nf6 3. Nf3 b6 4. g3 c6 5. Bg2 d5 6. O-O Be7 7. Nc3 Bb7 8. Qd3
O-O 9. Rd1 Nbd7 10. b3 c5 11. cxd5 exd5 12. Bb2 Re8 13. e3 Bf8 14. Rac1 Rc8 15.
Qb1 h6 16. dxc5 bxc5 17. Ne1 Nb6 18. Nd3 Qd7 19. Na4 Nxa4 20. Bxf6 Nb6 21. Ba1
Qf5 22. Qc2 c4 23. Nf4 Qxc2 24. Rxc2 cxb3 25. Rxc8 Rxc8 26. axb3 Rc5 27. Bd4
Rb5 28. Rb1 Bd6 29. h4 Ra5 30. Rd1 Rb5 31. Rd3 Bc5 32. Be5 Be7 33. Rc3 Rc5 34.
Rxc5 Bxc5 35. Bc7 g5 36. hxg5 hxg5 37. Ne2 f6 38. Nc3 Bb4 39. Nb5 Nc8 40. Bb8
a6 41. Nc7 Ne7 42. Ne8 Bc3 43. Ba7 Kf8 44. Nd6 Bc6 45. Bc5 Kg7 46. Kf1 a5 47.
Ke2 a4 48. bxa4 Bxa4 49. f4 gxf4 50. gxf4 Bd7 51. Nb7 Kf7 52. Bf3 Bb5+ 53. Kf2
Bd3 54. Bb6 f5 1/2-1/2

[Event "Bad Woerishofen op"]
[Site "?"]
[Date "2009.03.09"]
[Round "5"]
[White "Karpatchev, Alexandr"]
[Black "Mainka, Romuald"]
[Result "1/2-1/2"]
[WhiteElo "2504"]
[BlackElo "2478"]
[PlyCount "84"]
[EventDate "2009.03.05"]

1. e4 Nf6 2. e5 Nd5 3. d4 d6 4. Nf3 dxe5 5. Nxe5 c6 6. Bc4 Nd7 7. Nf3 N7b6 8.
Bb3 Bf5 9. O-O e6 10. Re1 Be7 11. Nbd2 a5 12. a3 a4 13. Ba2 O-O 14. Ne4 h6 15.
Ng3 Bh7 16. c4 Nf6 17. c5 Nbd5 18. Bd2 b6 19. Qc1 bxc5 20. dxc5 Qc7 21. Ne5
Rfd8 22. Bb1 Bxb1 23. Rxb1 Nd7 24. Nd3 Bf8 25. Re4 N5f6 26. Rc4 Nd5 27. Qc2 Qb7
28. Ne4 Qb5 29. Re1 N7f6 30. Bc1 Nxe4 31. Rexe4 Nf6 32. Re1 Rd5 33. Be3 Rad8
34. Nb4 R5d7 35. h3 Be7 36. Rc1 Ra8 37. Re1 Qb7 38. Bc1 Qb5 39. Be3 Rad8 40.
Rc1 Bf8 41. Re1 Be7 42. Rc1 Bf8 1/2-1/2

[Event "Bad Woerishofen op"]
[Site "?"]
[Date "2009.03.09"]
[Round "5"]
[White "Bogner, Sebastian"]
[Black "Lieb, Harald"]
[Result "1-0"]
[WhiteElo "2467"]
[BlackElo "2247"]
[PlyCount "99"]
[EventDate "2009.03.05"]

1. d4 d5 2. c4 c6 3. Nf3 Nf6 4. e3 g6 5. Nc3 Bg7 6. Be2 O-O 7. O-O Bg4 8. cxd5
Nxd5 9. h3 Bxf3 10. Bxf3 e6 11. Qe2 Nd7 12. Rd1 Qc7 13. Bd2 Rfe8 14. Rac1 Nxc3
15. bxc3 e5 16. Qc4 Nb6 17. Qb3 Rab8 18. a4 c5 19. dxc5 Nd7 20. c6 bxc6 21. Qc4
Rbc8 22. Rb1 Qa5 23. Rb7 Re7 24. Qb4 Qxb4 25. cxb4 Bf8 26. Rxa7 e4 27. Bg4 f5
28. Be2 Ne5 29. Rxe7 Bxe7 30. Bc3 Bf6 31. Kf1 Kf8 32. Bd4 Ke8 33. a5 Nd7 34. b5
Bxd4 35. Rxd4 c5 36. Ra4 Ke7 37. b6 Kd6 38. Bb5 Rb8 39. Ra1 Nxb6 40. axb6 Rxb6
41. Ra6 Rxa6 42. Bxa6 Kd5 43. Ke2 h6 44. Kd2 g5 45. Kc3 f4 46. Bb7+ Ke5 47. Kc4
h5 48. Kxc5 g4 49. hxg4 hxg4 50. g3 1-0

[Event "Bad Woerishofen op"]
[Site "?"]
[Date "2009.03.09"]
[Round "5"]
[White "Pirrot, Dieter"]
[Black "Hess, Christian Mathi"]
[Result "1/2-1/2"]
[WhiteElo "2441"]
[BlackElo "2222"]
[PlyCount "29"]
[EventDate "2009.03.05"]

1. e4 c6 2. d4 d5 3. f3 g6 4. Nc3 Bg7 5. Be3 Qb6 6. Qd2 Qxb2 7. Rb1 Qa3 8. exd5
Nf6 9. dxc6 bxc6 10. Bd3 O-O 11. Nge2 Nbd7 12. O-O Ba6 13. Rb3 Qa5 14. Nf4 Bxd3
15. Nxd3 1/2-1/2

[Event "Bad Woerishofen op"]
[Site "?"]
[Date "2009.03.09"]
[Round "5"]
[White "Kunz, Konstantin"]
[Black "Skembris, Spyridon"]
[Result "0-1"]
[WhiteElo "2247"]
[BlackElo "2413"]
[PlyCount "72"]
[EventDate "2009.03.05"]

1. d4 Nf6 2. Nf3 c5 3. e3 g6 4. dxc5 Qa5+ 5. Nc3 Nc6 6. Nd4 Qxc5 7. Nb3 Qb6 8.
e4 d6 9. Be3 Qd8 10. Be2 Bg7 11. h4 h5 12. f3 Be6 13. Nd5 Rc8 14. c3 b6 15. Ba6
Rb8 16. Bb5 Bd7 17. Nd4 Ne5 18. Qa4 Nxd5 19. exd5 Bxb5 20. Qxb5+ Qd7 21. a4 Rc8
22. Ra2 Rc5 23. Qb3 Nc4 24. Bf2 Ne5 25. Qc2 Rxd5 26. O-O O-O 27. b3 Rc8 28. Ne2
Qf5 29. Rb1 Qxc2 30. Rxc2 Rd3 31. Be1 Bh6 32. Kf1 d5 33. Nc1 Rd1 34. b4 Nc6 35.
b5 Nd4 36. Rd2 Bxd2 0-1

[Event "Bad Woerishofen op"]
[Site "?"]
[Date "2009.03.09"]
[Round "5"]
[White "Wittfoth, Kai-Uve"]
[Black "Dittmar, Peter"]
[Result "1/2-1/2"]
[WhiteElo "2156"]
[BlackElo "2382"]
[PlyCount "129"]
[EventDate "2009.03.05"]

1. d4 c5 2. Nf3 cxd4 3. Nxd4 d5 4. g3 e5 5. Nf3 Nc6 6. Bg2 Bc5 7. c3 Nf6 8. O-O
e4 9. Nd4 Bxd4 10. cxd4 Qb6 11. e3 Bg4 12. f3 exf3 13. Bxf3 Bxf3 14. Qxf3 O-O
15. Nc3 Rad8 16. b3 Rfe8 17. Bd2 Qa6 18. Rac1 Qd3 19. Qe2 Qxe2 20. Nxe2 Ne4 21.
Be1 g6 22. Nc3 f5 23. Nxe4 Rxe4 24. Bd2 Ree8 25. Rc5 Rd7 26. h4 Kg7 27. Kf2
Ree7 28. Rh1 h5 29. Rhc1 Rf7 30. Rh1 Nd8 31. Rhc1 Ne6 32. Rc8 Rc7 33. R1xc7
Rxc7 34. Rxc7+ Nxc7 35. a4 Kf6 36. Kf3 Ne6 37. Bb4 Kf7 38. Be1 Ke8 39. Bc3 Kd7
40. Bb4 Kc6 41. Be7 Kb6 42. Ke2 Ka5 43. Kd3 b5 44. axb5 Kxb5 45. Kc3 a6 46. Kd3
a5 47. Kc3 a4 48. bxa4+ Kxa4 49. Bd6 Nd8 50. Bf8 Nf7 51. Kb2 g5 52. hxg5 Nxg5
53. Bd6 Ne4 54. Bb8 Kb4 55. Kc2 Kc4 56. Be5 Ng5 57. Bb8 Nf3 58. Bd6 Ng5 59. Bb8
Ne6 60. Be5 Nf8 61. Bg7 Ng6 62. Bf6 Nf8 63. Bg7 Ne6 64. Be5 Ng5 65. Bb8 1/2-1/2

[Event "Bad Woerishofen op"]
[Site "?"]
[Date "2009.03.09"]
[Round "5"]
[White "Leiber, Bernard"]
[Black "Schulze, Ulrich"]
[Result "1/2-1/2"]
[WhiteElo "2145"]
[BlackElo "2316"]
[PlyCount "36"]
[EventDate "2009.03.05"]

1. e4 c5 2. Nf3 Nc6 3. Nc3 g6 4. Bb5 Bg7 5. O-O e5 6. d3 Nge7 7. Bc4 h6 8. Be3
d6 9. Nd2 O-O 10. f4 Kh7 11. a3 a6 12. Rb1 b5 13. Ba2 Rb8 14. Nd5 f5 15. fxe5
Nxe5 16. Nxe7 Qxe7 17. h3 Be6 18. Bxe6 Qxe6 1/2-1/2

[Event "Bad Woerishofen op"]
[Site "?"]
[Date "2009.03.09"]
[Round "5"]
[White "Deues, Erik"]
[Black "Beulertz, Dr. Stefan"]
[Result "1-0"]
[WhiteElo "2096"]
[BlackElo "1834"]
[PlyCount "83"]
[EventDate "2009.03.05"]

1. d4 f5 2. c4 Nf6 3. Nc3 d6 4. Bg5 g6 5. Bxf6 exf6 6. g3 Bg7 7. Bg2 O-O 8. Nh3
Nc6 9. Nf4 Rb8 10. h4 Ne7 11. Ncd5 c6 12. Nxe7+ Qxe7 13. Qb3 Bd7 14. O-O-O Bh6
15. e3 Bxf4 16. exf4 Qf7 17. Kb1 Rfe8 18. Rhe1 Kg7 19. Qb4 d5 20. cxd5 cxd5 21.
Rxe8 Rxe8 22. Qxb7 Re2 23. Bxd5 Qe7 24. a3 Kh6 25. Rc1 Re1 26. Rxe1 Qxe1+ 27.
Ka2 Ba4 28. Bg8 Kh5 29. Qxh7+ Kg4 30. Qxg6+ Kf3 31. Qxf5 Qd2 32. Bd5+ Kxf2 33.
Qe4 Kxg3 34. h5 Bc2 35. Qf3+ Kh4 36. Qh1+ Kg4 37. h6 Bh7 38. Qf3+ Kh4 39. Be6
f5 40. d5 Qd4 41. Qc3 Qxf4 42. Qb4 1-0

[Event "Bad Woerishofen op"]
[Site "?"]
[Date "2009.03.09"]
[Round "5"]
[White "Loew, Gerald"]
[Black "Schaefer, Michael"]
[Result "1-0"]
[WhiteElo "2299"]
[BlackElo "2183"]
[PlyCount "71"]
[EventDate "2009.03.05"]

1. c4 Nf6 2. g3 e6 3. Bg2 a6 4. b3 Be7 5. Bb2 O-O 6. Nf3 b5 7. Nd4 c6 8. cxb5
axb5 9. Nxb5 cxb5 10. Bxa8 d5 11. b4 Bd7 12. a4 bxa4 13. b5 Bxb5 14. Nc3 Bd7
15. Nxa4 Qa5 16. Bxf6 Bxf6 17. Nc3 Qc5 18. Qb3 Nc6 19. Qa3 Qc4 20. Qa6 Qc5 21.
Bxc6 Bxc6 22. O-O Bxc3 23. dxc3 Bb5 24. Qa5 Qc6 25. Rfe1 h5 26. h4 Bc4 27. Qb4
e5 28. Ra7 Qh6 29. Rb1 g5 30. Qe7 gxh4 31. Qxe5 hxg3 32. Qxg3+ Kh8 33. Kh2 Rg8
34. Rb8 Rxb8 35. Qxb8+ Kg7 36. Qe5+ 1-0

[Event "Bad Woerishofen op"]
[Site "?"]
[Date "2009.03.09"]
[Round "5"]
[White "Gerhards, Walter"]
[Black "Stabolewski, Andreas"]
[Result "0-1"]
[WhiteElo "1953"]
[BlackElo "2281"]
[PlyCount "54"]
[EventDate "2009.03.05"]

1. e4 c5 2. Nf3 Nc6 3. d4 cxd4 4. Nxd4 Nf6 5. Nc3 d6 6. Be2 e5 7. Nb3 Be7 8.
Be3 O-O 9. Qd2 a5 10. Rd1 a4 11. Nc1 a3 12. bxa3 Be6 13. O-O Rxa3 14. f3 Ra8
15. Bg5 h6 16. Bxf6 Bxf6 17. Kh1 Nd4 18. Nb3 Bg5 19. Qd3 Nxe2 20. Qxe2 Qc8 21.
Qe1 Qc6 22. Nd5 Bxd5 23. Rxd5 Rxa2 24. Qd1 Rc8 25. Rf2 Rxc2 26. Rxc2 Qxc2 27.
Na5 Qa2 0-1

[Event "Bad Woerishofen op"]
[Site "?"]
[Date "2009.03.09"]
[Round "5"]
[White "De Santis, Alessio"]
[Black "Berchtenbreiter, Max"]
[Result "0-1"]
[WhiteElo "2278"]
[BlackElo "2142"]
[PlyCount "104"]
[EventDate "2009.03.05"]

1. d4 e6 2. Nf3 Nf6 3. g3 c5 4. Bg2 Nc6 5. O-O d5 6. e3 Be7 7. b3 O-O 8. Bb2 b6
9. Nbd2 Ba6 10. Re1 Rc8 11. a3 Qc7 12. dxc5 bxc5 13. c4 Rfd8 14. Qc2 Qb6 15.
Rac1 Na5 16. Ba1 Bb7 17. Red1 Ne4 18. cxd5 Nxd2 19. Nxd2 exd5 20. Qf5 Qe6 21.
Qb1 Ba8 22. b4 cxb4 23. axb4 Rb8 24. Qb2 f6 25. Qa2 Bxb4 26. Nf3 Qf7 27. Nd4
Nc4 28. e4 Ne5 29. Bh3 Rb6 30. f4 Nc4 31. e5 fxe5 32. fxe5 Qh5 33. Be6+ Kh8 34.
Qxa7 Rb7 35. Qa2 Bc5 36. Bxd5 Ra7 37. Qxc4 Rxd5 38. Qb3 Qxe5 39. Rxc5 Rxc5 40.
Ne6 Rxa1 41. Nxc5 Qxc5+ 42. Kf1 Rxd1+ 43. Qxd1 Qd5 44. Qxd5 Bxd5 45. Kf2 Kg8
46. Ke3 Kf7 47. Kf4 Kf6 48. Kg4 h6 49. Kf4 g5+ 50. Kg4 Kg6 51. Kh3 h5 52. g4
Be6 0-1

[Event "Bad Woerishofen op"]
[Site "?"]
[Date "2009.03.09"]
[Round "5"]
[White "Baeuml, Ulrich"]
[Black "Rahls, Peter"]
[Result "0-1"]
[WhiteElo "2097"]
[BlackElo "2263"]
[PlyCount "74"]
[EventDate "2009.03.05"]

1. d4 d5 2. Nf3 c6 3. e3 Nf6 4. Nbd2 Bf5 5. Be2 e6 6. Ne5 Bd6 7. Ndf3 Nbd7 8.
Nxd7 Nxd7 9. c4 O-O 10. O-O Re8 11. Bd3 Be4 12. g3 Qf6 13. Bxe4 dxe4 14. Nd2
Qg6 15. f4 f5 16. c5 Bc7 17. b4 Nf6 18. Nc4 h5 19. Kh1 Kf7 20. Bd2 Nd5 21. Qe2
Rh8 22. Be1 Qf6 23. h4 Qg6 24. Rb1 b5 25. cxb6 axb6 26. b5 cxb5 27. Rxb5 Qg4
28. Qxg4 hxg4 29. Rf2 g5 30. Rc2 gxh4 31. gxh4 Kg6 32. Kh2 Kh5 33. Nd2 Rhc8 34.
Kg1 Bd8 35. Nc4 Ra4 36. Nxb6 Rxc2 37. Nxa4 Rc1 0-1

[Event "Bad Woerishofen op"]
[Site "?"]
[Date "2009.03.09"]
[Round "5"]
[White "Schmitt, Karl"]
[Black "Mueller, Wolfgang"]
[Result "1/2-1/2"]
[WhiteElo "1992"]
[BlackElo "1905"]
[PlyCount "69"]
[EventDate "2009.03.05"]

1. d4 Nf6 2. Nf3 e6 3. e3 b6 4. Bd3 Bb7 5. O-O d5 6. b3 Bd6 7. Bb2 O-O 8. c4
Nbd7 9. Nbd2 Ne4 10. Ne5 f5 11. f4 Rf6 12. Nxe4 dxe4 13. Be2 Bxe5 14. dxe5 Rh6
15. g3 Nc5 16. Qxd8+ Rxd8 17. Ba3 Rd2 18. Rf2 Nd3 19. Rg2 c5 20. h4 g5 21. hxg5
Rg6 22. Bh5 Rxg2+ 23. Kxg2 Rg7 24. Rd1 Kf8 25. Kf1 h6 26. Be2 hxg5 27. Bxd3
exd3 28. Rxd3 Be4 29. Rd6 gxf4 30. exf4 Rxg3 31. Rd2 Rf3+ 32. Rf2 Rxf2+ 33.
Kxf2 Bb1 34. b4 cxb4 35. Bxb4+ 1/2-1/2

[Event "Bad Woerishofen op"]
[Site "?"]
[Date "2009.03.09"]
[Round "5"]
[White "Gurack, Daniel"]
[Black "Schmid, Wolfgang"]
[Result "1/2-1/2"]
[WhiteElo "2164"]
[BlackElo "2275"]
[PlyCount "28"]
[EventDate "2009.03.05"]

1. e4 e5 2. Nf3 Nf6 3. Nxe5 d6 4. Nf3 Nxe4 5. Nc3 Nxc3 6. dxc3 Be7 7. Bd3 O-O
8. h3 Nd7 9. Be3 Nc5 10. Qd2 Nxd3+ 11. Qxd3 Qd7 12. O-O-O Qf5 13. Qd2 Bf6 14.
Kb1 Be6 1/2-1/2

[Event "Bad Woerishofen op"]
[Site "?"]
[Date "2009.03.09"]
[Round "5"]
[White "Hug, Marcel"]
[Black "Hempel, Olaf"]
[Result "1-0"]
[WhiteElo "2257"]
[BlackElo "2115"]
[PlyCount "43"]
[EventDate "2009.03.05"]

1. e4 c6 2. d4 d5 3. exd5 cxd5 4. Bd3 Nc6 5. c3 Nf6 6. Bf4 Bg4 7. Qb3 Qc8 8.
Nd2 e6 9. Ngf3 Be7 10. O-O Bh5 11. Ne5 Nxe5 12. dxe5 Nd7 13. c4 dxc4 14. Bxc4
O-O 15. Rac1 Qd8 16. Ne4 Qb6 17. Nd6 Bxd6 18. exd6 e5 19. Bd2 Nc5 20. Qh3 Bg6
21. Be3 Kh8 22. Rfd1 1-0

[Event "Bad Woerishofen op"]
[Site "?"]
[Date "2009.03.09"]
[Round "5"]
[White "Spanton, Timothy"]
[Black "Sickinger, Wolfgang"]
[Result "1-0"]
[WhiteElo "2008"]
[BlackElo "1868"]
[PlyCount "49"]
[EventDate "2009.03.05"]

1. e4 c5 2. Nf3 Nc6 3. Bb5 e6 4. O-O Nge7 5. b3 a6 6. Bxc6 Nxc6 7. Bb2 f6 8. d4
cxd4 9. Nxd4 Be7 10. Qh5+ g6 11. Qh6 Kf7 12. Nd2 Bf8 13. Qh4 Bg7 14. Qg3 Nxd4
15. Bxd4 e5 16. Be3 d5 17. exd5 Qxd5 18. Nc4 Qe6 19. Rad1 Re8 20. Nd6+ Kg8 21.
Nxe8 Qxe8 22. Rd6 f5 23. Qh4 Be6 24. Rfd1 Bf6 25. Qxf6 1-0

[Event "Bad Woerishofen op"]
[Site "?"]
[Date "2009.03.09"]
[Round "5"]
[White "Lindner, Ulrich"]
[Black "Hornung, Hans"]
[Result "0-1"]
[WhiteElo "1943"]
[BlackElo "2166"]
[PlyCount "60"]
[EventDate "2009.03.05"]

1. e4 e6 2. d4 d5 3. Nc3 Nc6 4. e5 Nge7 5. Bg5 h6 6. Bh4 b6 7. f4 Qd7 8. Be2
Bb7 9. Nf3 O-O-O 10. a3 g5 11. fxg5 Nf5 12. Bf2 hxg5 13. g4 Nh4 14. Bxh4 gxh4
15. Qd3 f6 16. O-O-O Bh6+ 17. Kb1 fxe5 18. Nxe5 Nxe5 19. dxe5 Qg7 20. Rhe1 Qxe5
21. Bf3 Qf6 22. Nb5 Kb8 23. Nd4 e5 24. Qf5 Qxf5 25. Nxf5 Bf4 26. h3 e4 27. Bg2
Rhe8 28. Ng7 Bg3 29. Re2 Ba6 30. Rxe4 dxe4 0-1

[Event "Bad Woerishofen op"]
[Site "?"]
[Date "2009.03.09"]
[Round "5"]
[White "Reitz, Rolf"]
[Black "Meul, Willi"]
[Result "1/2-1/2"]
[WhiteElo "2163"]
[BlackElo "1988"]
[PlyCount "38"]
[EventDate "2009.03.05"]

1. Nf3 Nf6 2. c4 g6 3. Nc3 d5 4. Qa4+ c6 5. cxd5 Nxd5 6. Nxd5 Qxd5 7. e4 Qd8 8.
d4 Bg7 9. Be3 O-O 10. Rd1 Bg4 11. Be2 e6 12. O-O Nd7 13. Qc2 Rc8 14. Qd2 Qe7
15. Rfe1 Rfd8 16. Bh6 c5 17. Bxg7 Kxg7 18. Rc1 Bxf3 19. Bxf3 Ne5 1/2-1/2

[Event "Bad Woerishofen op"]
[Site "?"]
[Date "2009.03.09"]
[Round "5"]
[White "Vonach, Bernhard Dr"]
[Black "Schiffer, Steve"]
[Result "0-1"]
[WhiteElo "1986"]
[BlackElo "2152"]
[PlyCount "84"]
[EventDate "2009.03.05"]

1. e4 d6 2. d4 Nf6 3. Bd3 g6 4. f4 Bg7 5. Nf3 c5 6. d5 O-O 7. O-O a6 8. a4 c4
9. Bxc4 Nxe4 10. Qd3 f5 11. c3 Nd7 12. Qe3 Ndf6 13. h3 Kh8 14. Nfd2 e5 15. Nxe4
exf4 16. Qxf4 Nxe4 17. Be3 Bd7 18. Nd2 g5 19. Qh2 Be5 20. Bd4 Bxd4+ 21. cxd4
Nxd2 22. Rfc1 Qf6 23. Kh1 Rac8 24. b3 f4 25. g4 Nxc4 26. bxc4 Qxd4 27. Qc2 Rfe8
28. Rab1 b5 29. axb5 axb5 30. Rb4 Re3 31. Qb2 Rxh3+ 32. Kg2 Rg3+ 33. Kh2 Qxb2+
34. Rxb2 Rg8 35. cxb5 Rg6 36. Rg2 Rxg2+ 37. Kxg2 Bxb5 38. Kf3 Rf6 39. Rc3 Kg7
40. Rc7+ Kg6 41. Rc8 Ba4 42. Rg8+ Kh6 0-1

[Event "Bad Woerishofen op"]
[Site "?"]
[Date "2009.03.09"]
[Round "5"]
[White "Duckstein, Torsten"]
[Black "Schweizer, Manfred"]
[Result "0-1"]
[WhiteElo "1960"]
[BlackElo "2123"]
[PlyCount "78"]
[EventDate "2009.03.05"]

1. d4 Nf6 2. Nf3 d6 3. g3 g6 4. Bg2 Bg7 5. O-O O-O 6. b3 c6 7. Bb2 Qc7 8. c4
Bf5 9. Nbd2 Be4 10. Nxe4 Nxe4 11. Nd2 Nf6 12. e4 e5 13. Qc2 Nbd7 14. Rfe1 Rfe8
15. Rad1 Rad8 16. dxe5 dxe5 17. b4 c5 18. Bc3 cxb4 19. Bxb4 Nc5 20. Nb3 Bf8 21.
Bxc5 Bxc5 22. Bf3 Bb4 23. Re3 Rxd1+ 24. Bxd1 Rd8 25. Be2 a5 26. Rd3 a4 27.
Rxd8+ Qxd8 28. Nc1 Qd2 29. Qxd2 Bxd2 30. Nd3 Bc3 31. Nc5 Bd4 32. Nxa4 Nxe4 33.
Bf3 Nxf2 34. Kg2 b6 35. Bd5 Ng4 36. h3 Ne3+ 37. Kf3 Nxd5 38. cxd5 f5 39. Ke2
Kf8 0-1

[Event "Bad Woerishofen op"]
[Site "?"]
[Date "2009.03.09"]
[Round "5"]
[White "Dierich, Jochen"]
[Black "Titz, Waldemar"]
[Result "1-0"]
[WhiteElo "2007"]
[BlackElo "1805"]
[PlyCount "83"]
[EventDate "2009.03.05"]

1. e4 d6 2. d4 Nf6 3. Nc3 c6 4. h3 g6 5. Nf3 Bg7 6. Be2 O-O 7. O-O Nbd7 8. a4
Qc7 9. Be3 b6 10. Nh2 Bb7 11. g4 e5 12. g5 Ne8 13. f4 exf4 14. Bxf4 a6 15. Ng4
c5 16. d5 f6 17. h4 Ne5 18. Nxe5 fxe5 19. Be3 Rb8 20. Rxf8+ Kxf8 21. Qf1+ Qf7
22. Bxa6 Qxf1+ 23. Rxf1+ Ke7 24. Be2 Nc7 25. Rb1 Ba6 26. b4 Bxe2 27. Nxe2 Ra8
28. bxc5 bxc5 29. Nc3 Kd7 30. Kf2 Kc8 31. Ke2 Rb8 32. Rf1 Ne8 33. Nb5 Ra8 34.
Ra1 Ra6 35. Bd2 Nc7 36. c4 Ne8 37. a5 Nc7 38. Nxc7 Kxc7 39. h5 Ra8 40. h6 Bf8
41. Rf1 Kd7 42. Rf7+ 1-0

[Event "Bad Woerishofen op"]
[Site "?"]
[Date "2009.03.09"]
[Round "5"]
[White "Daeubler, Heinrich"]
[Black "Malzer, Werner"]
[Result "1-0"]
[WhiteElo "2124"]
[BlackElo "1910"]
[PlyCount "59"]
[EventDate "2009.03.05"]

1. d4 d5 2. c4 e5 3. dxe5 d4 4. e4 c5 5. f4 f6 6. exf6 Nxf6 7. Bd3 Bg4 8. Nf3
Nc6 9. e5 Nd7 10. O-O Qc7 11. h3 Bxf3 12. Qxf3 O-O-O 13. Nd2 Be7 14. Ne4 Rdf8
15. Qe2 g5 16. e6 Nb6 17. f5 Qe5 18. Bxg5 Bxg5 19. Nxg5 h6 20. Nf7 Qxe2 21.
Bxe2 Rh7 22. f6 Rhxf7 23. exf7 Rxf7 24. Rae1 Ne5 25. Bh5 Nbxc4 26. Rf5 b6 27.
b3 Ne3 28. Bxf7 Nxf7 29. Rxe3 dxe3 30. Rf3 1-0

[Event "Bad Woerishofen op"]
[Site "?"]
[Date "2009.03.09"]
[Round "5"]
[White "Fiedler, Wolfgang"]
[Black "Frijling, Jereon"]
[Result "1-0"]
[WhiteElo "2068"]
[BlackElo "1823"]
[PlyCount "57"]
[EventDate "2009.03.05"]

1. Nf3 d5 2. g3 Nf6 3. Bg2 c6 4. d3 Bf5 5. Nbd2 e6 6. O-O Nbd7 7. h3 Be7 8. Nh4
Bg6 9. Nxg6 hxg6 10. e4 dxe4 11. dxe4 Qa5 12. Nc4 Qh5 13. Nd6+ Bxd6 14. Qxd6
Qe5 15. Qxe5 Nxe5 16. f4 Nc4 17. b3 Nb6 18. Be3 O-O-O 19. a4 Kb8 20. Rfd1 Nc8
21. c4 Kc7 22. Bd4 b6 23. b4 Ne7 24. a5 Ra8 25. Be5+ Kc8 26. axb6 a6 27. Bd6
Re8 28. e5 Nh5 29. b5 1-0

[Event "Bad Woerishofen op"]
[Site "?"]
[Date "2009.03.09"]
[Round "5"]
[White "Natterer, Winfried"]
[Black "Oud, Niek"]
[Result "0-1"]
[WhiteElo "1815"]
[BlackElo "2032"]
[PlyCount "59"]
[EventDate "2009.03.05"]

1. e4 c5 2. Nf3 Nc6 3. d4 cxd4 4. Nxd4 Nf6 5. Nc3 d6 6. Be2 e5 7. Nb3 Be7 8.
Be3 O-O 9. O-O Be6 10. f3 a6 11. Nd5 Bxd5 12. exd5 Na5 13. c4 Nxb3 14. Qxb3 Qd7
15. a4 Nh5 16. f4 Nxf4 17. Bxf4 exf4 18. Rxf4 Bf6 19. Rb1 Rfe8 20. Bf3 Re7 21.
Qb4 Rae8 22. Rf1 Re5 23. b3 Qe7 24. Rd4 Re3 25. Rdd1 Qc7 26. h3 Bc3 27. Qa3 Qb6
28. Kh2 Bf6 29. Rb1 Qd4 30. g3 0-1

[Event "Bad Woerishofen op"]
[Site "?"]
[Date "2009.03.09"]
[Round "5"]
[White "Psaila, Clarence"]
[Black "Wiesbeck, Florian"]
[Result "1-0"]
[WhiteElo "1729"]
[BlackElo "1994"]
[PlyCount "35"]
[EventDate "2009.03.05"]

1. e4 c5 2. Nf3 e6 3. Nc3 Nc6 4. d4 cxd4 5. Nxd4 a6 6. Be2 Nf6 7. O-O Qc7 8.
Be3 d6 9. f4 Be7 10. Kh1 Nxd4 11. Bxd4 O-O 12. Qe1 Re8 13. Qg3 g6 14. f5 Nd7
15. fxg6 hxg6 16. Qh3 Ne5 17. Bxe5 dxe5 18. Rxf7 1-0

[Event "Bad Woerishofen op"]
[Site "?"]
[Date "2009.03.09"]
[Round "5"]
[White "Joachim, Klaus"]
[Black "Bretscher, Robert"]
[Result "1-0"]
[WhiteElo "1861"]
[BlackElo "1672"]
[PlyCount "37"]
[EventDate "2009.03.05"]

1. e4 e5 2. Nf3 Nc6 3. Bc4 Bc5 4. c3 Nf6 5. d4 exd4 6. cxd4 Bb4+ 7. Nc3 Nxe4 8.
O-O Bxc3 9. d5 Ne7 10. bxc3 d6 11. Re1 Nf6 12. Bg5 Kf8 13. Bxf6 gxf6 14. Qd2
Ng6 15. Qh6+ Kg8 16. Nd4 Qf8 17. Qd2 Bd7 18. Re3 Qh6 19. Re8+ 1-0

[Event "Bad Woerishofen sen"]
[Site "?"]
[Date "2009.03.09"]
[Round "5"]
[White "Zunker, Reinhard Dr"]
[Black "Szenetra, Werner"]
[Result "1/2-1/2"]
[WhiteElo "2194"]
[BlackElo "2246"]
[PlyCount "49"]
[EventDate "2009.03.05"]

1. e4 g6 2. d4 d6 3. Nc3 Bg7 4. f4 e6 5. Be3 Nd7 6. Nf3 a6 7. Bd3 b5 8. O-O Bb7
9. e5 d5 10. b4 Bf8 11. a3 c6 12. Ne2 h5 13. Ng5 Ne7 14. c3 Bh6 15. a4 Nb6 16.
a5 Nc4 17. Bc1 Bc8 18. Ng3 Bxg5 19. fxg5 Nf5 20. Qf3 Qe7 21. Nh1 Qa7 22. Qf4
Bd7 23. Nf2 O-O-O 24. Bxf5 exf5 25. h4 1/2-1/2

[Event "Bad Woerishofen sen"]
[Site "?"]
[Date "2009.03.09"]
[Round "5"]
[White "Goy, Udo"]
[Black "Kripp, Wolfgang"]
[Result "1/2-1/2"]
[WhiteElo "2203"]
[BlackElo "2181"]
[PlyCount "107"]
[EventDate "2009.03.05"]

1. d4 d5 2. Nf3 Nf6 3. c4 e6 4. Nc3 Nbd7 5. e3 c6 6. Qc2 Bd6 7. Bd3 O-O 8. O-O
Re8 9. e4 dxe4 10. Nxe4 Nxe4 11. Bxe4 h6 12. Rd1 Qc7 13. b3 e5 14. Bb2 exd4 15.
Rxd4 Ne5 16. h3 f5 17. c5 Nxf3+ 18. Bxf3 Be5 19. Rd2 Bxb2 20. Qxb2 Qf7 21. b4
a6 22. a4 Be6 23. Re1 Bc4 24. Rxe8+ Rxe8 25. Qd4 Re7 26. Kh2 Be6 27. Re2 Rd7
28. Qf4 Rd8 29. Re5 Kh7 30. Qe3 Re8 31. g3 Bd7 32. Rxe8 Bxe8 33. Kg2 Qd7 34.
Qe5 Bf7 35. g4 Be6 36. Kg3 Kg8 37. gxf5 Bxf5 38. h4 Kf7 39. Be2 Be6 40. Bh5+ g6
41. Bf3 h5 42. Be4 Bd5 43. Bxd5+ cxd5 44. Qd4 Ke6 45. a5 Qf7 46. Qe3+ Kd7 47.
Qe5 Qe6 48. Qxe6+ Kxe6 49. Kf4 Kd7 50. Ke5 Kc6 51. f4 Kb5 52. Kxd5 Kxb4 53. Ke6
Kxa5 54. Kf7 1/2-1/2

[Event "Bad Woerishofen sen"]
[Site "?"]
[Date "2009.03.09"]
[Round "5"]
[White "Neese, Hans-Joachim"]
[Black "Villing, Dieter"]
[Result "1/2-1/2"]
[WhiteElo "2209"]
[BlackElo "2220"]
[PlyCount "119"]
[EventDate "2009.03.05"]

1. d4 d6 2. Nf3 Bg4 3. e4 Nf6 4. Nc3 c6 5. h3 Bh5 6. Be2 e6 7. O-O Be7 8. Be3
O-O 9. Nd2 Bxe2 10. Qxe2 d5 11. Bg5 Nxe4 12. Ncxe4 Bxg5 13. Nxg5 Qxg5 14. f4
Qd8 15. a4 Nd7 16. a5 c5 17. f5 Qf6 18. fxe6 Qxe6 19. Qf2 Rac8 20. Nf3 f6 21.
Rfe1 Qd6 22. c3 Rfe8 23. Rad1 c4 24. Nh4 g6 25. g4 Re4 26. Rxe4 dxe4 27. Ng2
Ne5 28. Qf4 Nf3+ 29. Kf2 Qxf4 30. Nxf4 Kf7 31. Ke3 f5 32. gxf5 gxf5 33. Rb1 Rc6
34. b4 Nh4 35. b5 Rc8 36. Rb4 Ng6 37. b6 a6 38. Nd5 Ne7 39. Nc7 Rg8 40. Rxc4
Rg3+ 41. Kf2 f4 42. d5 e3+ 43. Ke2 Rg2+ 44. Kf1 Rf2+ 45. Ke1 Nf5 46. Ne6 f3 47.
Rf4 Kg6 48. Nd4 Nxd4 49. cxd4 Re2+ 50. Kf1 Rf2+ 51. Ke1 Ra2 52. Rxf3 Rxa5 53.
Rxe3 Rxd5 54. Re7 Rxd4 55. Rxb7 Rb4 56. Kd2 h5 57. Kc3 Rb5 58. Kc4 Kg5 59. Rb8
Kh4 60. b7 1/2-1/2